Movies Quiz

Random Movies or Actor Quiz

Forty Fords Quiz Stats

 Plays Quiz Updated Dec 7, 2016

Challenge
Share
Tweet
Score 0/40 Timer 08:00
2 Plays Today
% Correct
Star Wars: Episode IV - A New Hope
83.1%
Indiana Jones and the Temple of Doom
79.1%
Raiders of the Lost Ark
78.3%
Indiana Jones and the Last Crusade
70.8%
Star Wars: Episode VI - Return of the Jedi
66.2%
Star Wars: Episode V - The Empire Strikes Back
62.4%
The Fugitive
60.4%
Indiana Jones and the Kingdom of the Crystal Skull
54.8%
Witness
48.7%
Air Force One
40.8%
Cowboys & Aliens
37.9%
Blade Runner
29.8%
American Graffiti
23.6%
Sabrina
21.8%
K-19: The Widowmaker
21.8%
Apocalypse Now
19%
Patriot Games
18.9%
The Mosquito Coast
18.4%
Regarding Henry
18.1%
Six Days Seven Nights
17.4%
% Correct
Clear and Present Danger
15.4%
Working Girl
12.1%
What Lies Beneath
11.9%
Morning Glory
10.9%
Firewall
10.1%
Presumed Innocent
9.1%
Hollywood Homicide
8.8%
Extraordinary Measures
8.2%
Frantic
8.1%
Force 10 from Navarone
6.6%
The Frisco Kid
6.4%
The Conversation
6%
Hanover Street
5.7%
The Devil's Own
5.6%
Random Hearts
5%
Crossing Over
4.2%
Heroes
3.7%
A Time for Killing
3.5%
Journey to Shiloh
3.3%
Getting Straight
2.9%

You're not logged in!

Compare scores with friends on all Sporcle quizzes.
Join for Free
OR
Log In

You Might Also Like...

Show Comments

Extras

Top Quizzes Today


Score Distribution

Your Account Isn't Verified!

In order to create a playlist on Sporcle, you need to verify the email address you used during registration. Go to your Sporcle Settings to finish the process.

Report this User

Report this user for behavior that violates our Community Guidelines.

Details: